Treinta años en Ibiza: 1973-2003
محفوظ في:
| المؤلفون الرئيسيون: | , |
|---|---|
| التنسيق: | كتاب |
| اللغة: | الإسبانية الفرنسية |
| منشور في: |
Ibiza
TEHP
2003
|
| سلاسل: | Viajeros a las Islas
|
| الموضوعات: | |
| الوسوم: |
إضافة وسم
لا توجد وسوم, كن أول من يضع وسما على هذه التسجيلة!
|
MARC
| LEADER | 00000nam a2200000 a 4500 | ||
|---|---|---|---|
| 001 | UCI8235 | ||
| 003 | CL-VaPUC | ||
| 008 | 080821e20030000SP |||||||||||||||||spa|d | ||
| 020 | |a 84888339100 | ||
| 041 | 0 | 7 | |a spa |2 CL-VaPUC |
| 041 | 0 | 7 | |a fre |2 CL-VaPUC |
| 082 | 0 | 4 | |a 728 |b ROT |2 21 |
| 100 | 0 | |a Rotthier, Philippe |e author |9 531762 | |
| 700 | 0 | |a Gobert, Philippe de |e author |9 531763 | |
| 245 | 1 | 0 | |a Treinta años en Ibiza: 1973-2003 |
| 246 | 1 | 0 | |a Trente ans à Ibiza: 1973-2003 |
| 300 | |a 235 p | ||
| 942 | |c BK | ||
| 945 | |d 20080821 00:00:00 |a rbrito | ||
| 260 | |a Ibiza |b TEHP |c 2003 | ||
| 650 | 0 | |a Arquitectura doméstica |9 531764 | |
| 650 | 0 | |a Arquitectura española |9 341294 | |
| 650 | 0 | |a Arquitectura vernácula |9 265160 | |
| 650 | 0 | |a Viviendas |9 255326 | |
| 651 | 7 | |a ISLA DE IBIZA |2 CL-VaPUC |9 531765 | |
| 651 | 0 | |a España |9 254926 | |
| 583 | |a last modification |c 20080821 00:00:00 |k Rodrigo Vera | ||
| 490 | 0 | |a Viajeros a las Islas | |
| 999 | |c 331253 |d 331251 | ||
| 952 | |0 0 |1 0 |4 0 |6 728_000000000000000_ROT_2003 |7 0 |8 A |9 417546 |a BIBARQ |b BIBARQ |d 2019-11-22 |i 4473302 |o 728 ROT 2003 |p 4473302 |r 2025-01-20 |w 2019-11-22 |y BK |k ARQ | ||